| 000 | 00622nam a22002175a 4500 | ||
|---|---|---|---|
| 001 | 21189 | ||
| 003 | BD-RjUL | ||
| 005 | 20211209000646.0 | ||
| 008 | 140303r19481908enk 000 1 eng | ||
| 035 | _a(BD-RjUL)21253 | ||
| 040 |
_aDLC _cDLC _beng _dBD-RjUL |
||
| 041 | _aeng | ||
| 082 | 0 | 4 |
_a821.1 _bCHC 1948 |
| 100 | 1 |
_aChaucer, Geoffrey _965481 |
|
| 245 | 1 | 0 |
_aCanterbury tales / _cGeoffrey Chaucer. |
| 260 |
_aNew York ; London : _bE.P. Dutton & Co ; J.M. Dent & Sons, _c1908 [reprint 1948]. |
||
| 263 | _a0910 | ||
| 300 |
_axvii, 519 p ; _c18 cm. |
||
| 650 |
_aCanterbury (England) _vPoetry. _963505 |
||
| 942 |
_2ddc _cBK |
||
| 999 |
_c21189 _d21189 |
||